000 00483nam a2200193Ia 4500
008 240510s9999 xx 000 0 und d
020 _a0000830631380
041 _aEng
082 _a621.3815
082 _bG61
100 _aGRAF, Rudolf F.
245 0 _aEncyclopedia of electronic circuits : Volume 2
260 _bBlue Ridge Summit, PA : TAB
260 _c1988
300 _a731 p.
650 _aElectronic circuits : Logic circuits
942 _2ddc
942 _cLBK
999 _c26092
_d26092
945 _a1
_bMadushi Gamage
_c1
_dMadushi Gamage